000 00268nam a2200121Ia 4500
100 _aMoltgen/ G.
942 _cBK
654 _aConverter engineering
245 _aConverter Engineering
260 _bWiley eastern
_aNew Delhi
_c1990
546 _aENGLISH
999 _c26887
_d26887